Statistics for Tallest Buildings in the World Cities Quiz

Click here to take the quiz!

General Stats

  • This quiz has been taken 32 times
  • The average score is 19 of 23

Answer Stats

HeightBuildingCity% Correct
2,717 ftBurj KhalifaDubai
100%
2,073 ftShanghai TowerShanghai
100%
1,614 ftShanghai World Finance CenterShanghai
100%
1,739 ftGuangzhou CTF Finance CenterGuangzhou
97%
1,440 ftGuangzhou International Finance CenterGuangzhou
97%
1,396 ft432 Park AvenueNew York City
97%
1,776 ftOne World Trade CenterNew York City
97%
1,667 ftTaipei 101Taipei
97%
1,450 ftWillis TowerChicago
93%
1,732 ftChina ZunBeijing
90%
1,588 ftInternational Commerce CentreHong Kong
90%
1,483 ftPetronas TowerKuala Lumpur
90%
1,739 ftTianjin CTF FInance CenterTianjin
90%
1,819 ftLotte World TowerSeoul
86%
1,437 ftWuhan CenterWuhan
86%
1,476 ftSuzhou IFSSuzhou
76%
1,971 ftAbraj al Bait Clock TowerMecca
72%
1,483 ftChangsha IFS Tower T1Changsha
66%
1,476 ftZifeng TowerNanjing
55%
1,965 ftPing An Finance CenterShenzhen
52%
1,449 ftKK100Shenzhen
52%
1,513 ftLandmark 81Ho Chi Minh City
41%
1,516 ftLakhta TowerSt. Petersburg
34%

Score Distribution

Percentile by Number Answered

Percent of People with Each Score

Your Score History

You have not taken this quiz